000 00408 a2200109 4500
001 ART_49737
005 20260410161936.0
008 260409a
245 1 0 _aLa expansión poblacional y el crecimiento económico en el mundo subdesarrollado
100 1 _aLuzzetti, Carlos A.
773 0 _tAnales de la Academia Nacional de Ciencias Económicas
_g- Vol. XXXVI, (1991) (ene. 1993)
_wREV25596
999 _c29045
_d29045